Instalaciones de calefacción, ventilación, aire acondicionado y petróleo

Detalles Bibliográficos
Autor principal: Polack, Bernardo
Formato: Libro
Lenguaje:Espa�ol
Publicado: Buenos Aires : Hispano americana, [c1966]
Edición:2a ed
Materias:
Etiquetas: Agregar Etiqueta
Sin Etiquetas, Sea el primero en etiquetar este registro!

MARC

LEADER 00000nam#a22000001a#4500
001 00010172
003 AR-BaUAD
005 20230908140543.0
008 940510s1966####ag#ae||##||||||||#||spa|d
040 |a AR-BaUAD  |b spa  |c AR-BaUAD 
041 |a spa 
044 |c ar  |2 ISO3166-1 
100 1 |a Polack, Bernardo 
245 1 0 |a Instalaciones de calefacción, ventilación, aire acondicionado y petróleo 
250 |a 2a ed 
260 |a Buenos Aires :  |b Hispano americana,  |c [c1966] 
300 |a 173 p. :  |b il., dib., diagr., planos, tablas 
653 |a INSTALACIONES 
653 |a CALEFACCION 
653 |a VENTILACION 
653 |a AIRE ACONDICIONADO 
655 |a TEXTO 
852 |c 12-6 
952 |0 0  |1 0  |4 0  |6 126  |7 0  |9 12024  |a AR-BaUAD  |b AR-BaUAD  |d 0000-00-00  |e compra Colegio  |g 2250.00  |i 10172 dado de baja  |l 0  |o 12-6  |p wyj2z10172 dado de b  |r 2023-09-08 14:05:43  |w 2023-09-08  |y BK 
952 |0 0  |1 0  |4 0  |7 0  |9 12025  |a AR-BaUAD  |b AR-BaUAD  |d 2023-09-08  |i 10-257  |l 0  |p gx13410-257  |r 2023-09-08 14:05:43  |w 2023-09-08  |y BK 
952 |0 0  |1 0  |4 0  |7 0  |9 12026  |a AR-BaUAD  |b AR-BaUAD  |d 2023-09-08  |i 10-258  |l 0  |p 01f6410-258  |r 2023-09-08 14:05:43  |w 2023-09-08  |y BK 
952 |0 0  |1 0  |4 0  |7 0  |9 12027  |a AR-BaUAD  |b AR-BaUAD  |d 2023-09-08  |i 10-259  |l 0  |p u163210-259  |r 2023-09-08 14:05:43  |w 2023-09-08  |y BK 
952 |0 0  |1 0  |4 0  |7 0  |9 12028  |a AR-BaUAD  |b AR-BaUAD  |d 2023-09-08  |i 10-260  |l 0  |p bvd3z10-260  |r 2023-09-08 14:05:43  |w 2023-09-08  |y BK 
990 |a Ej No1 : 10172 dado de baja . 27/12/1966 -- compra Colegio -- (2250 pesos).  |b ADM 
990 |a Ej. No2 : 10-257 .  |b ADM 
990 |a Ej. No3 : 10-258 .  |b ADM 
990 |a Ej. No4 : 10-259 .  |b ADM 
990 |a Ej. No5 : 10-260 .  |b ADM 
990 |a CO196  |b TD 
990 |a AAQ00010172  |b CC 
998 |a AAQ  |b Bibun 76 
942 |c BK 
999 |c 5396  |d 5396